Majlis Perpisahan Ketua Pengarah JPPH (En. R.Dass) [video recording]
| Format: | Book |
|---|---|
| Published: |
Bangi ,
Inspen , n.d
|
| Subjects: |
MARC
| LEADER | 00000cam a2200000 7i4500 | ||
|---|---|---|---|
| 001 | 0000004745 | ||
| 005 | 20061205.0 | ||
| 040 | |a INS | ||
| 090 | 0 | 0 | |a BF575 |
| 245 | 0 | 0 | |a Majlis Perpisahan Ketua Pengarah JPPH (En. R.Dass) [video recording] |
| 260 | |a Bangi , |c Inspen , |c n.d | ||
| 300 | |a 1video cassette(VHS) : |b sd.,col.1/2in | ||
| 650 | 0 | 0 | |a Farewells |
| 999 | |a VHS253 |b VIDEO |c Media Collection |e Default branch | ||